How to hire and fire in 76 jurisdictions / (Record no. 14713)

000 -LEADER
fixed length control field 00865nam a2200253 a 4500
001 - CONTROL NUMBER
control field ASIN9041123350
005 - DATE AND TIME OF LATEST TRANSACTION
control field 20170105102902.0
008 - FIXED-LENGTH DATA ELEMENTS--GENERAL INFORMATION
fixed length control field 131011s2005 xxu eng d
020 ## - INTERNATIONAL STANDARD BOOK NUMBER
International Standard Book Number 9041123350 (hardcover)
Terms of availability $144.00
020 ## - INTERNATIONAL STANDARD BOOK NUMBER
International Standard Book Number 9789041123350 (hardcover)
040 ## - CATALOGING SOURCE
Original cataloging agency 0
050 04 - LIBRARY OF CONGRESS CALL NUMBER
Classification number K1765
082 04 - DEWEY DECIMAL CLASSIFICATION NUMBER
Classification number 344.012596
245 10 - TITLE STATEMENT
Title How to hire and fire in 76 jurisdictions /
Statement of responsibility, etc. Erik Van Emden, Jon Heuvel, Marie-Laure Labat-Oliveau.
260 ## - PUBLICATION, DISTRIBUTION, ETC.
Place of publication, distribution, etc. [S.l.] :
Name of publisher, distributor, etc. Kluwer Law International,
Date of publication, distribution, etc. 2005.
300 ## - PHYSICAL DESCRIPTION
Extent 604 p. ;
Dimensions 24 cm.
650 #0 - SUBJECT ADDED ENTRY--TOPICAL TERM
Topical term or geographic name entry element Employee selection--Law and legislation
650 #0 - SUBJECT ADDED ENTRY--TOPICAL TERM
Topical term or geographic name entry element Employees--Dismissal of--Law and legislation
700 1# - ADDED ENTRY--PERSONAL NAME
Personal name Emden, Erik Van.
700 1# - ADDED ENTRY--PERSONAL NAME
Personal name Heuvel, Jon.
700 1# - ADDED ENTRY--PERSONAL NAME
Personal name Labat-Oliveau, Marie-Laure.
856 40 - ELECTRONIC LOCATION AND ACCESS
Materials specified Amazon.com
Uniform Resource Identifier <a href="http://www.amazon.com/exec/obidos/ASIN/9041123350/chopaconline-20">http://www.amazon.com/exec/obidos/ASIN/9041123350/chopaconline-20</a>
942 ## - ADDED ENTRY ELEMENTS (KOHA)
Source of classification or shelving scheme
Koha item type Book
Holdings
Withdrawn status Lost status Damaged status Not for loan Collection code Permanent Location Current Location Shelving location Date acquired Total Checkouts Full call number Barcode Date last seen Price effective from Koha item type
          Centre for International Peace & Stability (CIPS) Centre for International Peace & Stability (CIPS) General Stacks 09/10/2013   344.012596 HOW 2005 CIPS0000865 10/11/2013 10/11/2013 Book
© 2023 Central Library, National University of Sciences and Technology. All Rights Reserved.